MARC details
| 000 -LEADER |
| fixed length control field |
05534cam a2200469 i 4500 |
| 001 - CONTROL NUMBER |
| control field |
data |
| 005 - DATE AND TIME OF LATEST TRANSACTION |
| control field |
20260322212113.0 |
| 008 - FIXED-LENGTH DATA ELEMENTS--GENERAL INFORMATION |
| fixed length control field |
data |
| 035 ## - SYSTEM CONTROL NUMBER |
| System control number |
22418991 |
| 010 ## - LIBRARY OF CONGRESS CONTROL NUMBER |
| LC control number |
2022932634 |
| 015 ## - NATIONAL BIBLIOGRAPHY NUMBER |
| National bibliography number |
GBC249620 |
| Source |
bnb |
| 016 7# - NATIONAL BIBLIOGRAPHIC AGENCY CONTROL NUMBER |
| Record control number |
020526566 |
| Source |
Uk |
| 020 ## - INTERNATIONAL STANDARD BOOK NUMBER |
| International Standard Book Number |
1789909058 |
| Qualifying information |
alk. paper) |
| -- |
alk. paper) |
| 020 ## - INTERNATIONAL STANDARD BOOK NUMBER |
| International Standard Book Number |
9781789909050 |
| Qualifying information |
alk. paper) |
| -- |
alk. paper) |
| 020 ## - INTERNATIONAL STANDARD BOOK NUMBER |
| Canceled/invalid ISBN |
9781789909067 |
| Qualifying information |
(ebk) |
| 035 ## - SYSTEM CONTROL NUMBER |
| System control number |
(OCoLC)1285051606 |
| 040 ## - CATALOGING SOURCE |
| Original cataloging agency |
YDX |
| Language of cataloging |
eng |
| Description conventions |
rda |
| Transcribing agency |
YDX |
| Modifying agency |
DLC |
| -- |
UKMGB |
| -- |
OCLCO |
| -- |
OCLCF |
| -- |
GPM |
| -- |
UUM |
| -- |
DLC |
| 042 ## - AUTHENTICATION CODE |
| Authentication code |
lccopycat |
| 050 00 - LIBRARY OF CONGRESS CALL NUMBER |
| Classification number |
HB74.P65 |
| Item number |
H36 2022 |
| 082 04 - DEWEY DECIMAL CLASSIFICATION NUMBER |
| Classification number |
330.1 |
| Edition information |
23 |
| 245 00 - TITLE STATEMENT |
| Title |
Handbook of alternative theories of political economy / |
| Statement of responsibility, etc. |
edited by Frank Stilwell, David Primrose, Tim B. Thornton. |
| 264 #1 - PRODUCTION, PUBLICATION, DISTRIBUTION, MANUFACTURE, AND COPYRIGHT NOTICE |
| Place of production, publication, distribution, manufacture |
Northampton, MA, USA : |
| -- |
Northampton, MA, USA : |
| Name of producer, publisher, distributor, manufacturer |
Edward Elgar Publishing, |
| Date of production, publication, distribution, manufacture, or copyright notice |
[2022] |
| 300 ## - PHYSICAL DESCRIPTION |
| Extent |
x, 506 pages ; |
| Dimensions |
25 cm |
| 336 ## - CONTENT TYPE |
| Content type term |
text |
| Source |
rdacontent |
| 337 ## - MEDIA TYPE |
| Media type term |
unmediated |
| Source |
rdamedia |
| 338 ## - CARRIER TYPE |
| Carrier type term |
volume |
| Source |
rdacarrier |
| 504 ## - BIBLIOGRAPHY, ETC. NOTE |
| Bibliography, etc. note |
Includes bibliographical references and index. |
| 505 0# - FORMATTED CONTENTS NOTE |
| Formatted contents note |
Part I: Political economy as an area of knowledge -- 1. Introduction to the handbook of alternative theories of political economy / Frank Stilwell, David Primrose and Tim B. Thornton -- 2. Capitalism, climate change and freedom / Elke Pirgmaier -- Part II: Identifying foundational approaches to political economy -- 3. Classical political economy and its ongoing relevance / Jamie Morgan -- 4. The marxist tradition in political economy / Bill Dunn -- 5. Institutional political economy / Arturo Hermann -- 6. Post keynesian economics / John E. King -- 7. Feminist political economy / Jennifer Cohen and Heidi Hartmann -- 8. Sraffian political economy / Nuno Ornelas Martins -- Part III: Analysing the dynamics of economic systems -- 9. Circular and cumulative causation / Phillip Toner and Gavan Butler -- 10. Evolutionary political economy / Tae-Hee Jo -- 11. Neo-schumpeterian economics / Rinaldo Evangelista -- 12. The regulation approach / Brett Heino -- 13. Social structures of accumulation / Terrence McDonough and David M. Kotz -- 14. Capital as power / Tim Di Muzio and Matt Dow -- 15. Foundations of modern money theory / L. Randall Wray -- 16. The austrian school of economics / Peter J. Boettke, Rosolino Candela, Karras J. Lambert and Dillon Tauzin -- Part IV: Exploring the socio-ecological foundations of economic systems -- 17. Polanyian political economy / Joy Paton -- 18. Georgist political economy / Franklin Obeng-Odoom -- 19. Ecological economics / Neil Perry -- 20. Social economics / John B. Davis -- 21. A social property relations approach to class, gender, race / Andreas Bieler and Adam David Morton -- 22. The systems of provision approach / Robin Chang -- 23. The diverse economies approach / Jenny Cameron and J.K. Gibson-Graham -- Part V: Extending political economy through interdisciplinarity -- 24. Spatial political economy / Brett Christophers -- 25. Cultural political economy / Bob Jessop and Ngai-Ling Sum -- 26. Postcolonial and poststructural political economy / Penny Griffin -- 27. Behavioural economics and neuroeconomics / David Primrose -- Part VI: Making a difference -- 28. Pluralism in political economy / Tim B. Thornton -- 29. Economics imperialism and a transdisciplinary perspective / Mario Cedrini and Joselle Dagnes -- 30. Approaches to, and measures of, progress / Pratistha Joshi Rajkarnikar -- 31. Advancing education in political economy / Frank Stilwell and Tim B. Thornton -- 32. Progressive economics and social change movements / Jim Stanford -- Index. |
| 520 ## - SUMMARY, ETC. |
| Summary, etc. |
"This Handbook provides an overview of established and cutting-edge contributions to political economic thought. Chapters by leading and emerging scholars showcase the diverse approaches and productive debates among researchers. Separate sections of the book deal with political economy as an area of knowledge, its principal theoretical traditions, the dynamics and socio-ecological foundations of economic systems, and political economy's interdisciplinary connections. Thirty-two chapters cover the full spectrum of contemporary political economy, including classical, Marxist, post-Keynesian, institutional, evolutionary, and feminist approaches, recent studies of capital as power, modern money theory, behavioural economics, social structures of accumulation, and race, gender and class. The volume concludes by reflecting on how these theories of political economy can contribute to making a better world. Pluralist and interdisciplinary in its approach, this Handbook is a key resource for students and teachers of political economy and heterodox economics, as well as for other social scientists wanting to understand political economic processes"-- |
| Assigning source |
Provided by publisher |
| 650 #0 - SUBJECT ADDED ENTRY--TOPICAL TERM |
| Topical term or geographic name entry element |
Economics. |
| 650 #2 - SUBJECT ADDED ENTRY--TOPICAL TERM |
| Topical term or geographic name entry element |
Economics |
| 650 #6 - SUBJECT ADDED ENTRY--TOPICAL TERM |
| Topical term or geographic name entry element |
Économie politique. |
| 650 #7 - SUBJECT ADDED ENTRY--TOPICAL TERM |
| Topical term or geographic name entry element |
economics. |
| Source of heading or term |
aat |
| 650 #7 - SUBJECT ADDED ENTRY--TOPICAL TERM |
| Topical term or geographic name entry element |
Economics. |
| Source of heading or term |
fast |
| Authority record control number or standard number |
(OCoLC)fst00902116 |
| 700 1# - ADDED ENTRY--PERSONAL NAME |
| Personal name |
Stilwell, Frank J. B., |
| Relator term |
editor. |
| 700 1# - ADDED ENTRY--PERSONAL NAME |
| Personal name |
Primrose, David, |
| Dates associated with a name |
1986- |
| Relator term |
editor. |
| 700 1# - ADDED ENTRY--PERSONAL NAME |
| Personal name |
Thornton, Tim B., |
| Relator term |
editor. |
| 776 08 - ADDITIONAL PHYSICAL FORM ENTRY |
| Relationship information |
Online version. |
| Title |
Handbook of alternative theories of political economy. |
| Place, publisher, and date of publication |
Cheltenham, UK ; Northampton, MA, USA : Edward Elgar Publishing, [2022] |
| International Standard Book Number |
9781789909067 |
| Record control number |
(OCoLC)1328031555 |
| 906 ## - LOCAL DATA ELEMENT F, LDF (RLIN) |
| a |
7 |
| b |
cbc |
| c |
copycat |
| d |
2 |
| e |
ncip |
| f |
20 |
| g |
y-gencatlg |
| 925 0# - |
| -- |
acquire |
| -- |
1 shelf copy |
| -- |
policy default |
| -- |
Assign to S&B RR |